|
|
|
|
| LEADER |
00000nam0a2200000 4500 |
| 001 |
283933 |
| 005 |
20231101235639.0 |
| 035 |
|
|
|a (RuTPU)RU\TPU\book\308071
|
| 090 |
|
|
|a 283933
|
| 100 |
|
|
|a 20150211d1961 k y0rusy50 ca
|
| 101 |
0 |
|
|a rus
|
| 102 |
|
|
|a RU
|
| 105 |
|
|
|a a z 001zy
|
| 200 |
1 |
|
|a Ордовик Казахстана. Вып. 4 : Тремадокские и смежные с ними отложения Казахстана
|f Е. А. Балашова [и др.]
|g Академия наук СССР (АН СССР), Геологический институт (ГИН)
|
| 210 |
|
|
|a Москва
|c Изд-во Академии наук СССР
|d 1961
|
| 215 |
|
|
|a 149 с.
|c ил.
|
| 225 |
1 |
|
|a Труды геологического института (ГИН)
|v Вып. 18
|
| 320 |
|
|
|a Библиография в конце докладов.
|
| 327 |
0 |
|
|a Содерж.: Келлер Б.М. Общий обзор строения тремадокского яруса по важнейшим разрезам Европы, Азии и Северной Америки ; Келлер Б.М., Рукавишникова Т.Б. Тремадокские и смежные с ними отложения хребта Кендыктас ; Рукавишникова Т.Б. Брахиоподы нижнего ордовика хребта Кендыктас ; Лисогор К.А. Трилобиты тремадокских и смежных с ними отложений Кендыктдса ; Келлер Б.М., Розман Х.С. Отложения нижнего ордовика Актюбинской области Казахстана и смежных районов западного склона Урала ; Балашова Е.А. Некоторые тремадокские трилобиты Актюбинской области ; Обут А.М. Граптолиты тремадокских и смежных с ними отложений Актюбинской и Оренбургской областей
|
| 606 |
1 |
|
|a Ордовикские отложения
|2 stltpush
|3 (RuTPU)RU\TPU\subj\47458
|9 66388
|
| 610 |
1 |
|
|a Казахстан
|
| 610 |
1 |
|
|a брахиоподы
|
| 610 |
1 |
|
|a Урал
|
| 610 |
1 |
|
|a Оренбургская область
|
| 610 |
1 |
|
|a тремадокские отложения
|
| 675 |
|
|
|a 551.733.1
|v 3
|
| 701 |
|
1 |
|a Балашова
|b Е. А.
|
| 701 |
|
1 |
|a Келлер
|b Б. М.
|
| 701 |
|
1 |
|a Лисогор
|b К. А.
|
| 701 |
|
1 |
|a Обут
|b А. М.
|
| 701 |
|
1 |
|a Розман
|b Х. С.
|
| 712 |
0 |
2 |
|a Академия наук СССР (АН СССР)
|b Геологический институт (ГИН)
|c (Москва)
|2 stltpush
|3 (RuTPU)RU\TPU\col\11354
|
| 801 |
|
1 |
|a RU
|b 63413507
|c 20150211
|
| 801 |
|
2 |
|a RU
|b 63413507
|c 20220222
|g RCR
|
| 942 |
|
|
|c BK
|